Sporcle vs JetPunk - Statistics

General Stats
  • This quiz has been taken 70 times
  • The average score is 5 of 10
Answer Stats
Hint Answer % Correct
Logo for JetPunk Fish
86%
Year JetPunk was launched (As a Quiz Site) 2008
76%
Year Sporcle was launched 2007
71%
Most Played Quiz Countries of the World Quiz
66%
Main Colour Theme Orange
59%
Founder of JetPunk #2 Dan Hostetler
46%
Founder of JetPunk #1 John Hostetler
29%
Most Played Quiz Find the US States - No Outlines Minefield
25%
Logo for Sporcle lamp
15%
Founder of Sporcle Matt Ramme
15%
No matching quizzes found
Score Distribution
Percent of People with Each Score
Percentile by Number Answered
Your Score History
You have not taken this quiz